000 01824nam0a22003611 4500
001 RU\NLR\BIBL_A\022412967
005 20251123120143.0
035 _a(NLR Aleph) 022412967
090 _a13464014
_c13464014
100 _a20241216d u y0rusy50 ca
101 0 _achi
102 _aRU
105 _ay g |||||
200 1 _a家庭,私產及國家的起源
_dThe Origin of the Family Private Property and the State
_f恩格思 著
_zeng
210 _aБ.м.
_dБ.г.
215 _a157 с.
_d22 см
300 _aЗагл. и авт. также на англ. яз.: The Origin of the Family Private Property and the State / By Frederick Engels
510 1 _aЦзятин, сычань цзи гоцзя дэ циюань
_fЭньгэсы чжу
541 1 _aПроисхождение семьи, частной собственности и государства
604 _150010$aПроисхождение семьи, частной собственности и государства$2nlr_sh1
_1700#1$aЭнгельс$bФ.$gФридрих$f1820-1895$4070
_tПроисхождение семьи, частной собственности и государства
_aЭнгельс, Фридрих (1820-1895)
606 1 _aДиалектический и исторический материализм
_yГермания
_92335006
_3RU\NLR\AUTH\6601619993
606 1 _aНаучный коммунизм
_91119242
_3RU\NLR\AUTH\66443200
610 0 _a《家庭、私有制和国家的起源》
610 0 _a恩格斯著作
610 0 _a国家理论
700 1 _9z01790
_a恩格思
_f1820-1895
_4070
790 1 _9z01700
_aEngels
_bF.
_gFrederick
_4070
790 1 _a恩格思
_f1820-1895
_4070
852 _aNLR
_bОЛСАА-кит.
_j3-66
942 _cBOOK
980 1 _aCHIN
980 _aNB